Making of the dalit public in North India: (Record no. 104026)

MARC details
000 -LEADER
fixed length control field 00680nam a22001937a 4500
005 - DATE AND TIME OF LATEST TRANSACTION
control field 20161020130152.0
010 ## - LCCN (DPL NO)
LC control number ENG-116217
020 ## - INTERNATIONAL STANDARD BOOK NUMBER
International Standard Book Number 9780199467464
Terms of availability 550.00
035 ## - SYSTEM CONTROL NUMBER
System control number EN-99749
037 ## - SOURCE OF ACQUISITION
Source of stock number/acquisition DBAD/PUB
082 04 - DEWEY DECIMAL CLASSIFICATION NUMBER
Classification number 305.5688095413
100 ## - MAIN ENTRY--PERSONAL NAME
Personal name Badri Narayan
245 04 - TITLE STATEMENT
Title Making of the dalit public in North India:
Statement of responsibility, etc by Badri Narayan
Remainder of title Uttar Pradesh,1950-present /
260 ## - PUBLICATION, DISTRIBUTION, ETC. (IMPRINT)
Place of publication, distribution, etc New Delhi
Name of publisher, distributor, etc Oxford University press
Date of publication, distribution, etc 2016
270 ## - ADDRESS
Address YMCA Library Building,1 Jaisingh Road
City New Delhi
Postal code 110001
300 ## - PHYSICAL DESCRIPTION
Extent xxxviii,168 pages :
Dimensions 22cm(Hb)
Other physical details ill
500 ## - GENERAL NOTE
General note Includes bibliographical references and index.
942 ## - ADDED ENTRY ELEMENTS (KOHA)
Source of classification or shelving scheme Dewey Decimal Classification
Item type English Books
Classification part 305.5688095413
Call number suffix BAD
Holdings
Withdrawn status Lost status Not for loan Collection code Home library Current library Date acquired Source of acquisition Cost, normal purchase price Full call number Barcode Copy number Cost, replacement price Koha item type
      Non-fiction Bawana Bawana 14/10/2016 DBAD/PUB 550.00 305.5688095413 BAD EN-99749 1 550.00 English Books

© Delhi Public Library
Hit Counter
free hit counter